000 00352 a2200169 4500
001 188235
020 _a85-262-1463-2
040 _cMagnum
100 _aAzevedo, Ricardo
240 1 0 _aRoberto do diabo
_lpor
245 1 0 _aRoberto do diabo
300 _a46
362 0 _a1988
440 1 _aScipione
697 _aLITERATURA JUVENIL
942 _cBK
999 _c188235
_d188235